Focus sur: Imrahil - Tolkien - Statistiques

Statistiques générales
  • Ce quiz a été pris 19 fois
  • Le résultat moyen est 8 sur 16
Statistiques - réponses
Informations recherchées Réponses % Correct
Espèce Homme
100%
Première mention Le Seigneur des Anneaux: Le Retour du Roi
100%
Age durant lequel il vécut Troisième/Quatrième
100%
Contrée Gondor
93%
Professions et titres Prince de Dol Amroth
93%
Couleur des cheveux "Sombre"
93%
Cité Dol Amroth
87%
Lignée Númenor
67%
Intendant délégué du Gondor (brièvement)
40%
Fille Lothíriel
20%
Sœurs Finduilas
13%
Père Adrahil
7%
Fils Elphir
7%
Ivriniel
7%
Amrothos
0%
Erchirion
0%
Aucun quiz correspondant
Distribution des résultats
% des personnes avec chaque résultat
Percentile par nombre de réponses
Votre historique - résultats
Vous n’avez pas pris ce quiz